Closest World Capital Pairs - Statistics

General Stats
  • This quiz has been taken 70 times
    48 since last reset
  • The average score is 4 of 14
Answer Stats
Distance (mi/km) Capital Pair % Correct
0/0 Rome/Vatican City
93%
6.5/10.5 Brazzaville/Kinshasa
71%
34.1/54.9 Bratislava/Vienna
55%
44.0/70.7 Amman/Jerusalem
33%
51.0/82.1 Helsinki/Tallinn
31%
52.8/84.9 Beirut/Damascus
26%
46.9/75.5 Pristina/Skopje
24%
87.2/140.3 Doha/Manama
19%
72.5/116.7 Ljubljana/Zagreb
17%
83.8/134.9 Podgorica/Tirana
14%
61.1/98.3 Castries/Kingstown
12%
85.0/136.7 Kingstown/St. George's
10%
59.4/95.6 Basseterre/St. John's
7%
79.0/127.1 Conakry/Freetown
5%
No matching quizzes found
Score Distribution
Percent of People with Each Score
Percentile by Number Answered
Your Score History
You have not taken this quiz since the last reset